书目信息 |
| 题名: |
品牌智慧
|
|
| 作者: | 科耐普 , Knapp 著 ;赵中秋 , 罗臣 译 | |
| 分册: | ||
| 出版信息: | 北京 企业管理出版社 2004.5 |
|
| 页数: | 308页, 24页 | |
| 开本: | 21cm | |
| 丛书名: | 派力营销思想库 | |
| 单 册: | ||
| 中图分类: | F274 | |
| 科图分类: | ||
| 主题词: | 企业管理--畅销商品--市场营销学 , 企业管理 , 畅销商品 , 市场营销学 | |
| 电子资源: | ||
| ISBN: | 7-80147-550-X | |
| 000 | 01237nam2 2200373 45 | |
| 001 | 012004000000 | |
| 005 | 20041010103638.42 | |
| 010 | @a7-80147-550-X@dCNY 26.80 | |
| 100 | @a20040629d2004 em y0chiy0121 ea | |
| 101 | 1 | @achi@ceng |
| 102 | @aCN@b110000 | |
| 105 | @aak z 000yy | |
| 200 | 1 | @a品牌智慧@Apin pai zhi hui@e品牌战略实施的五个步骤@f(美)杜纳·E·科耐普(Duane E. Knapp)著@g赵中秋, 罗臣译 |
| 205 | @a第2版 | |
| 210 | @a北京@c企业管理出版社@d2004.5 | |
| 215 | @a308页, 24页@c图, 表格@d21cm | |
| 225 | 2 | @a派力营销思想库@dPilot marketing think bank@v83@zeng |
| 312 | @a封面并列题名: The brand mindset | |
| 330 | @a本书内容: 品牌智慧; 品牌战略方针实施过程介绍; 品牌评估; 品牌承诺...... | |
| 410 | 0 | @12001 @a派力营销思想库 |
| 510 | 1 | @aThe brand mindset@zeng |
| 510 | 1 | @aPilot marketing think bank@zeng |
| 517 | 1 | @a品牌战略实施的五个步骤 |
| 606 | 0 | @a企业管理@x畅销商品@x市场营销学 |
| 606 | 0 | @a企业管理 |
| 606 | 0 | @a畅销商品 |
| 606 | 0 | @a市场营销学 |
| 690 | @aF274@v4 | |
| 701 | 1 | @a科耐普@Ake nai pu@b杜纳·E.@4著 |
| 701 | A1 | @aKnapp@bDuane E.@4著 |
| 702 | 0 | @a赵中秋@Azhao zhong qiu@4译 |
| 702 | 0 | @a罗臣@Aluo chen@4译 |
| 801 | 0 | @aCN@bQSSKxf@c20041010 |
| 905 | @a10447@dF274@eD840 | |
| 品牌智慧:品牌战略实施的五个步骤/(美)杜纳·E·科耐普(Duane E. Knapp)著/赵中秋, 罗臣译.-第2版.-北京:企业管理出版社,2004.5 |
| 308页, 24页:图, 表格;21cm.-(派力营销思想库=Pilot marketing think bank;83) |
| ISBN 7-80147-550-X:CNY 26.80 |
| 本书内容: 品牌智慧; 品牌战略方针实施过程介绍; 品牌评估; 品牌承诺...... |
| ● |
| 相关链接 |
|
|
|
正题名:品牌智慧
索取号:F274/D840
 
预约/预借
| 序号 | 登录号 | 条形码 | 馆藏地/架位号 | 状态 | 备注 |
| 1 | 398725 | 203987258 | 社科库409/409社科库 93排2列4层/ [索取号:F274/D840] | 在馆 | |
| 2 | 398726 | 203987267 | 社科库409/409社科库 93排2列4层/ [索取号:F274/D840] | 在馆 | |
| 3 | 398727 | 203987276 | 社科库409/422社科库 27排4列5层/ [索取号:F274/D840] | 在馆 |